[Event "UZB-ch"]
[Site "Tashkent"]
[Date "2017.06.07"]
[Round "11"]
[White "Kholmirzaev, Bakhodir"]
[Black "Khoroshev, Nikita"]
[Result "1/2-1/2"]
[WhiteElo "2355"]
[BlackElo "2380"]
[PlyCount "23"]
[EventDate "2017.05.28"]
[EventType "tourn"]
[EventRounds "11"]
[EventCountry "UZB"]
[EventCategory "4"]
[SourceTitle "EXT 2018"]
[Source "ChessBase"]
[SourceDate "2017.10.13"]
[SourceVersion "1"]
[SourceVersionDate "2017.10.13"]
[SourceQuality "1"]

1. d4 d6 2. Bg5 g6 3. e3 Bg7 4. c3 Nd7 5. Nd2 Ngf6 6. Ngf3 0-0 7. Be2 b6 8. a4 a6 9. 0-0 Bb7 10. b4 h6 11. Bh4 c5 12. bxc5 1/2-1/2

[Event "UZB-ch"]
[Site "Tashkent"]
[Date "2017.05.30"]
[Round "3"]
[White "Kholmirzaev, Bakhodir"]
[Black "Tillyaev, Ulugbek"]
[Result "0-1"]
[WhiteElo "2355"]
[BlackElo "2295"]
[PlyCount "82"]
[EventDate "2017.05.28"]
[EventType "tourn"]
[EventRounds "11"]
[EventCountry "UZB"]
[EventCategory "4"]
[SourceTitle "EXT 2018"]
[Source "ChessBase"]
[SourceDate "2017.10.13"]
[SourceVersion "1"]
[SourceVersionDate "2017.10.13"]
[SourceQuality "1"]

1. d4 Nf6 2. Nf3 d5 3. e3 c5 4. Nbd2 Nc6 5. Bb5 Qb6 6. a4 e6 7. c3 Be7 8. 0-0 0-0 9. Re1 a6 10. Bxc6 bxc6 11. a5 Qb5 12. c4 dxc4 13. Qe2 Bb7 14. Qxc4 cxd4 15. Nxd4 Qh5 16. Qe2 Qg6 17. e4 c5 18. Nc2 Bc6 19. f3 Bb5 20. Nc4 Nd7 21. N2a3 Bc6 22. Bd2 h5 23. Bc3 h4 24. Rad1 Qh5 25. h3 Rfd8 26. Rd3 Ba4 27. e5 Qg6 28. Nd6 Nf6 29. Nac4 Nh5 30. Qe4 Qg3 31. Qg4 Nf4 32. Qxg3 hxg3 33. Rd2 Bc6 34. Nb6 Rab8 35. Red1 Bg5 36. Rc2 Nd5 37. Bd2 Be3+ 38. Bxe3 Nxe3 39. Rxc5 Nxd1 40. Rxc6 Nxb2 41. Kf1 Nd3 0-1

[Event "Agzamov Memorial 11th"]
[Site "Tashkent"]
[Date "2017.05.04"]
[Round "3"]
[White "Khusenkhojaev, Muhammad"]
[Black "Kholmirzaev, Bakhodir"]
[Result "0-1"]
[WhiteElo "2433"]
[BlackElo "2355"]
[PlyCount "54"]
[EventDate "2017.05.02"]
[EventType "swiss"]
[EventRounds "9"]
[EventCountry "UZB"]
[SourceTitle "CBM 178 Extra"]
[Source "ChessBase"]
[SourceDate "2017.06.22"]
[SourceVersion "1"]
[SourceVersionDate "2017.06.22"]
[SourceQuality "1"]

1. Nf3 c5 2. c4 Nc6 3. d4 cxd4 4. Nxd4 e5 5. Nc2 Nf6 6. Nc3 Bc5 7. e3 0-0 8. Be2 d6 9. 0-0 a6 10. b3 Bf5 11. Bb2 Qe7 12. Nd5 Nxd5 13. cxd5 Na7 14. Rc1 Rac8 15. Qd2 Qg5 16. Rfd1 Bh3 17. Ne1 f5 18. Kh1 Bg4 19. Nd3 Bxe2 20. Qxe2 Bb6 21. f4 Qh6 22. fxe5 Bxe3 23. Rxc8 Nxc8 24. Ba3 Re8 25. e6 Bg5 26. Qf3 Rf8 27. Ne5 Bf4 0-1

[Event "Asian Continental op 15th"]
[Site "Tashkent"]
[Date "2016.05.26"]
[Round "1"]
[White "Kholmirzaev, Bakhodir"]
[Black "Vidit, Santosh Gujrathi"]
[Result "0-1"]
[WhiteElo "2364"]
[BlackElo "2658"]
[PlyCount "118"]
[EventDate "2016.05.26"]
[EventType "swiss"]
[EventRounds "9"]
[EventCountry "UZB"]
[SourceTitle "CBM 172 Extra"]
[Source "ChessBase"]
[SourceDate "2016.06.21"]
[SourceVersion "1"]
[SourceVersionDate "2016.06.21"]
[SourceQuality "1"]

1. d4 Nf6 2. Bg5 d5 3. Bxf6 exf6 4. e3 Bd6 5. c4 dxc4 6. Bxc4 0-0 7. Nc3 f5 8. Qf3 Nd7 9. Nge2 Nf6 10. h3 Qe7 11. Nd5 Nxd5 12. Bxd5 c6 13. Bc4 Bb4+ 14. Kf1 Bd7 15. h4 Rae8 16. Nf4 Bd6 17. h5 Bxf4 18. Qxf4 Qb4 19. b3 Qc3 20. Re1 h6 21. Qc7 Bc8 22. Rh4 Qb4 23. Rd1 Re7 24. Qh2 Qa3 25. Rd2 Rd8 26. Rf4 Be6 27. Ke2 Bxc4+ 28. bxc4 Qa6 29. Rxf5 Qxc4+ 30. Kf3 Qc3 31. Qh4 Rde8 32. Re2 Qd3 33. Rf4 f5 34. g4 Re4 35. g5 hxg5 36. Qxg5 Rxf4+ 37. Qxf4 Re4 38. Qb8+ Kh7 39. Re1 Rxd4 40. Qe8 Rg4 41. Qe6 c5 42. Rh1 c4 43. h6 Qe4+ 44. Qxe4 Rxe4 45. hxg7+ Kxg7 46. Rd1 Kf6 47. Rd8 b5 48. Rf8+ Ke6 49. Ke2 c3 50. Rc8 Ra4 51. Rxc3 Rxa2+ 52. Kd3 b4 53. Rc7 a5 54. f4 a4 55. Rb7 Rb2 56. e4 a3 57. Rb6+ Kd7 58. exf5 a2 59. Ra6 Rb3+ 0-1

[Event "UZB-ch"]
[Site "Tashkent"]
[Date "2016.03.18"]
[Round "9"]
[White "Kholmirzaev, Bakhodir"]
[Black "Vokhidov, Shamsiddin"]
[Result "1/2-1/2"]
[WhiteElo "2358"]
[BlackElo "2370"]
[PlyCount "112"]
[EventDate "2016.03.10"]
[EventType "tourn"]
[EventRounds "9"]
[EventCountry "UZB"]
[EventCategory "6"]
[SourceTitle "CBM 171 Extra"]
[Source "ChessBase"]
[SourceDate "2016.04.26"]
[SourceVersion "1"]
[SourceVersionDate "2016.04.26"]
[SourceQuality "1"]

1. Nf3 c5 2. c4 Nc6 3. Nc3 g6 4. g3 Bg7 5. Bg2 d6 6. 0-0 e6 7. e3 Nge7 8. d4 0-0 9. b3 Nf5 10. Ne2 e5 11. dxe5 dxe5 12. Rb1 Nfe7 13. Nc3 Bf5 14. e4 Bg4 15. Qxd8 Rfxd8 16. Nd5 Nxd5 17. cxd5 Nd4 18. Nxd4 cxd4 19. f3 Bd7 20. a4 Rac8 21. Bd2 Rc2 22. Rf2 f5 23. Bg5 Rdc8 24. Rxc2 Rxc2 25. Bf1 h6 26. Rc1 Rxc1 27. Bxc1 fxe4 28. fxe4 a6 29. Kf2 Bf8 30. Bd2 Kg7 31. Ba5 Bd6 32. Bb6 Kf6 33. Bd8+ Kf7 34. a5 Ke8 35. Bb6 Ke7 36. Be2 Bc8 37. Ke1 Bb4+ 38. Kd1 Bh3 39. Kc2 Bd7 40. Bc7 Bd6 41. Bxd6+ Kxd6 42. b4 g5 43. Bh5 Ke7 44. Kd3 Kd6 45. Bg6 Bb5+ 46. Kd2 Bd7 47. Ke2 Bb5+ 48. Kf3 Bd7 49. Bh5 Bc8 50. Be8 Bd7 51. Bxd7 Kxd7 52. h4 gxh4 53. gxh4 h5 54. Ke2 Kd6 55. Kd3 Kd7 56. Kc4 Kd6 1/2-1/2

[Event "UZB-ch"]
[Site "Tashkent"]
[Date "2016.03.12"]
[Round "3"]
[White "Dzhumaev, Marat"]
[Black "Kholmirzaev, Bakhodir"]
[Result "1-0"]
[WhiteElo "2481"]
[BlackElo "2358"]
[PlyCount "135"]
[EventDate "2016.03.10"]
[EventType "tourn"]
[EventRounds "9"]
[EventCountry "UZB"]
[EventCategory "6"]
[SourceTitle "CBM 171 Extra"]
[Source "ChessBase"]
[SourceDate "2016.04.26"]
[SourceVersion "1"]
[SourceVersionDate "2016.04.26"]
[SourceQuality "1"]

1. d4 d5 2. Nf3 Nc6 3. h3 Bf5 4. e3 e6 5. Be2 h6 6. c4 Nf6 7. Nc3 Nb4 8. 0-0 Nc2 9. cxd5 Nxd5 10. e4 Nxc3 11. bxc3 Bxe4 12. Nd2 Bxg2 13. Kxg2 Nxa1 14. Nf3 Bd6 15. Be3 g5 16. Qxa1 h5 17. Qb1 g4 18. Ng5 Qf6 19. Qxb7 Rd8 20. h4 Qf5 21. f3 g3 22. Ne4 Kf8 23. Bg5 Be7 24. Bxe7+ Kxe7 25. Qb4+ c5 26. dxc5 Rb8 27. Qa3 Kf8 28. Rh1 Qf4 29. c4 Qe5 30. c6+ Kg7 31. Rh3 Rhg8 32. Qc3 Qxc3 33. Nxc3 Kf6 34. Rxg3 Rxg3+ 35. Kxg3 Rc8 36. Kf4 Rxc6 37. Ke4 Ke7 38. f4 Rc8 39. Nb5 a6 40. Nd4 f6 41. Nb3 Rg8 42. a4 Rb8 43. Nc5 a5 44. Nd3 Rb1 45. Bxh5 Rh1 46. Bf3 Rxh4 47. Ke3 Rh2 48. Bc6 Kd6 49. Bb5 Rh3+ 50. Ke4 Rh4 51. c5+ Kc7 52. Ke3 Rg4 53. Kf3 Rh4 54. Nf2 Rh5 55. Ne4 Rh3+ 56. Ke2 Rh6 57. Ke3 Rh3+ 58. Kd4 Rf3 59. Nxf6 Rxf4+ 60. Ne4 Rf5 61. Nd6 Rd5+ 62. Kc4 Rd1 63. Ne4 e5 64. Ng5 Rd4+ 65. Kc3 Rd1 66. Ne6+ Kb7 67. Kc2 Rh1 68. Bd7 1-0

[Event "UZB-ch 1st League"]
[Site "Tashkent"]
[Date "2016.02.19"]
[Round "8"]
[White "Kholmirzaev, Bakhodir"]
[Black "Shodikulov, Djamshid"]
[Result "1-0"]
[WhiteElo "2352"]
[BlackElo "2181"]
[PlyCount "79"]
[EventDate "2016.02.12"]
[EventType "tourn"]
[EventRounds "11"]
[EventCountry "UZB"]
[EventCategory "1"]
[SourceTitle "CBM 171 Extra"]
[Source "ChessBase"]
[SourceDate "2016.04.26"]
[SourceVersion "1"]
[SourceVersionDate "2016.04.26"]
[SourceQuality "1"]

1. d4 Nf6 2. Bf4 d5 3. e3 c5 4. c3 Qb6 5. Qb3 c4 6. Qc2 g6 7. Nd2 Bf5 8. Qc1 Nh5 9. Be5 f6 10. Bxb8 Rxb8 11. Be2 Ng7 12. Ngf3 Qc7 13. 0-0 g5 14. b3 b5 15. a4 a6 16. axb5 axb5 17. Ra6 e6 18. bxc4 bxc4 19. Qa1 Bd6 20. Ra7 Rb7 21. Rxb7 Qxb7 22. e4 Bg6 23. Rb1 Qd7 24. Qa6 0-0 25. Rb7 Qc8 26. e5 Bb8 27. exf6 Nf5 28. Nxg5 Nd6 29. Rg7+ Kh8 30. Qxc8 Rxc8 31. Bh5 Nf5 32. Nf7+ Bxf7 33. Rxf7 Nxd4 34. cxd4 c3 35. Nb3 c2 36. g3 Bd6 37. Re7 e5 38. dxe5 Bxe7 39. fxe7 d4 40. Nc1 1-0

[Event "UZB-ch 1st League"]
[Site "Tashkent"]
[Date "2016.02.17"]
[Round "6"]
[White "Kholmirzaev, Bakhodir"]
[Black "Abdisalimov, Abdimalik"]
[Result "1-0"]
[WhiteElo "2352"]
[BlackElo "2372"]
[PlyCount "81"]
[EventDate "2016.02.12"]
[EventType "tourn"]
[EventRounds "11"]
[EventCountry "UZB"]
[EventCategory "1"]
[SourceTitle "CBM 171 Extra"]
[Source "ChessBase"]
[SourceDate "2016.04.26"]
[SourceVersion "1"]
[SourceVersionDate "2016.04.26"]
[SourceQuality "1"]

1. d4 Nf6 2. Bf4 e6 3. e3 c5 4. c3 Nc6 5. Nd2 Be7 6. Nc4 d5 7. Ne5 0-0 8. h3 Ne4 9. Bd3 cxd4 10. exd4 Nxe5 11. Bxe5 g6 12. Nf3 b6 13. Qe2 Bb7 14. Qe3 f6 15. Bh2 Qd7 16. h4 Rac8 17. h5 g5 18. Nd2 Nxd2 19. Qxd2 b5 20. f4 gxf4 21. Bxf4 Kh8 22. 0-0 a6 23. Rae1 Rce8 24. Qe3 Bd8 25. Qh3 Bc8 26. Rf3 Rg8 27. Qh2 Rg4 28. Be2 Reg8 29. Rf2 R4g7 30. h6 Rf7 31. Bh5 Rff8 32. Ref1 Be7 33. Kh1 Qd8 34. a3 Bd7 35. g4 e5 36. dxe5 d4 37. exf6 Qa8+ 38. Rg2 Bxf6 39. Be5 Qc6 40. Rxf6 Rxf6 41. Qf4 1-0

[Event "UZB-ch 1st League"]
[Site "Tashkent"]
[Date "2016.02.15"]
[Round "4"]
[White "Kholmirzaev, Bakhodir"]
[Black "Eminov, Adkham"]
[Result "1-0"]
[WhiteElo "2352"]
[BlackElo "2077"]
[PlyCount "113"]
[EventDate "2016.02.12"]
[EventType "tourn"]
[EventRounds "11"]
[EventCountry "UZB"]
[EventCategory "1"]
[SourceTitle "CBM 171 Extra"]
[Source "ChessBase"]
[SourceDate "2016.04.26"]
[SourceVersion "1"]
[SourceVersionDate "2016.04.26"]
[SourceQuality "1"]

1. Nf3 d5 2. b3 Bf5 3. Bb2 e6 4. e3 Nf6 5. h3 h6 6. Ne5 Nbd7 7. Bd3 Nxe5 8. Bxf5 exf5 9. Bxe5 Bd6 10. Bb2 Qe7 11. Qf3 Qe6 12. Bxf6 Qxf6 13. d4 c6 14. c3 0-0 15. g3 Rfe8 16. 0-0 g5 17. Nd2 Kg7 18. Kg2 Qg6 19. Rae1 h5 20. Qd1 h4 21. gxh4 Rh8 22. Rh1 Rxh4 23. Reg1 Rah8 24. f4 f6 25. Nf3 R4h5 26. c4 g4 27. hxg4 fxg4 28. Rxh5 Qxh5 29. Kf2 Kf7 30. Rxg4 Kf8 31. Rh4 Qxh4+ 32. Nxh4 Rxh4 33. Kg3 Rh7 34. cxd5 cxd5 35. Qc2 Rd7 36. Qc8+ Ke7 37. Kg4 Bc7 38. Kf5 Bd8 39. b4 b6 40. Kg6 Rd6 41. b5 Rd7 42. f5 Rd6 43. Qa8 Rd7 44. Kg7 Ke8+ 45. Kg8 Ke7 46. a3 Ke8 47. Qb8 Ke7 48. Qg3 Rc7 49. Qg6 Kd6 50. Qe8 Be7 51. Qf7 Rd7 52. Qe6+ Kc7 53. Qc6+ Kd8 54. Qa8+ Kc7 55. Qxa7+ Kc8 56. Qxb6 Bd6 57. Qc6+ 1-0

[Event "UZB-ch"]
[Site "Tashkent"]
[Date "2015.05.17"]
[Round "13"]
[White "Vokhidov, Shamsiddin"]
[Black "Kholmirzaev, Bakhodir"]
[Result "0-1"]
[WhiteElo "2266"]
[BlackElo "2376"]
[PlyCount "48"]
[EventDate "2015.05.05"]
[EventType "tourn"]
[EventRounds "13"]
[EventCountry "UZB"]
[EventCategory "5"]
[SourceTitle "CBM 166 Extra"]
[Source "ChessBase"]
[SourceDate "2015.06.18"]
[SourceVersion "1"]
[SourceVersionDate "2015.06.18"]
[SourceQuality "1"]

1. e4 e5 2. Nf3 d6 3. d4 exd4 4. Qxd4 Nc6 5. Bb5 Bd7 6. Bxc6 Bxc6 7. Nc3 Nf6 8. Bg5 Be7 9. 0-0-0 0-0 10. Rhe1 Nd7 11. h4 h6 12. Bxe7 Qxe7 13. Qe3 f5 14. Nd5 Qf7 15. Nxc7 fxe4 16. Nxa8 exf3 17. Nc7 fxg2 18. Ne6 Re8 19. Rxd6 Nf8 20. Qg3 Rxe6 21. Rexe6 Nxe6 22. Kb1 Qf4 23. Rd1 Qxg3 24. fxg3 Nd4 0-1

[Event "UZB-ch"]
[Site "Tashkent"]
[Date "2015.05.16"]
[Round "12"]
[White "Kholmirzaev, Bakhodir"]
[Black "Begmuratov, Alisher"]
[Result "1/2-1/2"]
[WhiteElo "2376"]
[BlackElo "2255"]
[PlyCount "176"]
[EventDate "2015.05.05"]
[EventType "tourn"]
[EventRounds "13"]
[EventCountry "UZB"]
[EventCategory "5"]
[SourceTitle "CBM 166 Extra"]
[Source "ChessBase"]
[SourceDate "2015.06.18"]
[SourceVersion "1"]
[SourceVersionDate "2015.06.18"]
[SourceQuality "1"]

1. d4 e6 2. Nf3 Nf6 3. Bf4 c5 4. e3 d5 5. c3 Nc6 6. Nbd2 Bd6 7. Ne5 Qc7 8. Bb5 0-0 9. Bxc6 bxc6 10. 0-0 Ne4 11. f3 Nxd2 12. Qxd2 Ba6 13. Rfc1 f6 14. Nd3 Bxf4 15. Nxf4 Qe7 16. dxc5 e5 17. Nd3 Bxd3 18. Qxd3 Qxc5 19. b4 Qd6 20. Rab1 a5 21. b5 Rfd8 22. c4 cxb5 23. c5 Qc7 24. Rxb5 Ra6 25. a4 h6 26. Qb1 d4 27. Rb7 Qc8 28. exd4 exd4 29. Re7 d3 30. Qb3+ Kh8 31. Qf7 Rg8 32. Rd7 Rc6 33. Qe7 Qa6 34. Qe4 Qc8 35. Qe7 Qa6 36. Qe3 Qc8 37. Rxd3 Re8 38. Qd4 Re5 39. Rdc3 Qe6 40. Qd8+ Kh7 41. Qd3+ Kh8 42. Kf1 Rd5 43. Qe2 Qd7 44. Re1 Rcxc5 45. Qe8+ Qxe8 46. Rxe8+ Kh7 47. Rxc5 Rxc5 48. Ra8 h5 49. g3 Kg6 50. Ke2 Rc2+ 51. Ke3 Rc3+ 52. Kf2 Rc2+ 53. Kg1 Rc5 54. Ra7 Rc1+ 55. Kg2 Rc2+ 56. Kh3 Rc5 57. f4 Kh6 58. Kg2 Rc2+ 59. Kf3 Rxh2 60. Rxa5 Ra2 61. Ra8 Kg6 62. Ra5 Ra3+ 63. Kg2 Ra2+ 64. Kh3 Kh6 65. Ra6 Kg6 66. Ra7 Kh6 67. Ra6 Kg6 68. g4 Kh6 69. Kh4 Rh2+ 70. Kg3 Ra2 71. Ra5 Ra3+ 72. Kh4 hxg4 73. Kxg4 g6 74. f5 Ra1 75. fxg6 Kxg6 76. Kf4 Kf7 77. Ke4 Ke6 78. Ra6+ Kd7 79. Kd5 Kc7 80. Kc5 Kb7 81. Rb6+ Ka7 82. Rb4 f5 83. Kb5 Re1 84. Rh4 Re5+ 85. Kc6 Re4 86. Rh7+ Ka6 87. Rh8 Rc4+ 88. Kd5 Rc7 1/2-1/2

[Event "UZB-ch"]
[Site "Tashkent"]
[Date "2015.05.09"]
[Round "5"]
[White "Kholmirzaev, Bakhodir"]
[Black "Tillyaev, Ulugbek"]
[Result "1/2-1/2"]
[WhiteElo "2376"]
[BlackElo "2392"]
[PlyCount "122"]
[EventDate "2015.05.05"]
[EventType "tourn"]
[EventRounds "13"]
[EventCountry "UZB"]
[EventCategory "5"]
[SourceTitle "CBM 166 Extra"]
[Source "ChessBase"]
[SourceDate "2015.06.18"]
[SourceVersion "1"]
[SourceVersionDate "2015.06.18"]
[SourceQuality "1"]

1. e4 Nf6 2. Nc3 d5 3. e5 d4 4. exf6 dxc3 5. fxg7 cxd2+ 6. Qxd2 Qxd2+ 7. Bxd2 Bxg7 8. 0-0-0 Bf5 9. Bf4 Nd7 10. Bd3 Bxd3 11. Rxd3 0-0-0 12. Ne2 Nc5 13. Ra3 a6 14. Be3 Ne4 15. Ng3 Nd6 16. Ra4 Rdg8 17. Nh5 Nf5 18. Nxg7 Rxg7 19. g3 Nxe3 20. fxe3 h5 21. Rf1 f6 22. Rh4 Rg5 23. e4 Rhg8 24. Kd2 Re5 25. Ke3 Rgg5 26. a3 Kd7 27. Rd1+ Kc6 28. Rd4 b5 29. Kf3 Re6 30. Rf4 Rd6 31. c3 Kd7 32. h4 Rg8 33. Rf5 Rh8 34. Rdd5 Rxd5 35. Rxd5+ Ke6 36. b4 c6 37. Rc5 Kd6 38. Rf5 Rh7 39. a4 Rh8 40. a5 Rh7 41. Ke3 Rh8 42. c4 bxc4 43. Rc5 Rg8 44. Kf3 Rb8 45. Rxc4 Rg8 46. Rd4+ Ke6 47. Rd3 Rb8 48. Rc3 Kd6 49. Rc5 e5 50. Rc4 Rg8 51. Rc3 Kd7 52. Rc2 Kd6 53. Rc1 Kd7 54. Rg1 Rg4 55. Rd1+ Ke7 56. Rc1 Kd7 57. Rd1+ Ke7 58. Rc1 Kd7 59. Rc2 Rg8 60. Rc3 Kd6 61. Kf2 Rg4 1/2-1/2

[Event "UZB-ch"]
[Site "Tashkent"]
[Date "2015.05.08"]
[Round "4"]
[White "Dzhumaev, Marat"]
[Black "Kholmirzaev, Bakhodir"]
[Result "1-0"]
[WhiteElo "2505"]
[BlackElo "2376"]
[PlyCount "51"]
[EventDate "2015.05.05"]
[EventType "tourn"]
[EventRounds "13"]
[EventCountry "UZB"]
[EventCategory "5"]
[SourceTitle "CBM 166 Extra"]
[Source "ChessBase"]
[SourceDate "2015.06.18"]
[SourceVersion "1"]
[SourceVersionDate "2015.06.18"]
[SourceQuality "1"]

1. e4 c5 2. Nf3 Nc6 3. c3 d5 4. exd5 Qxd5 5. d4 e5 6. Nxe5 Nxe5 7. dxe5 Qxe5+ 8. Be2 Bd7 9. Na3 0-0-0 10. Nc4 Qe4 11. f3 Qh4+ 12. g3 Qe7 13. Kf2 Nf6 14. Qb3 Bc6 15. Qa3 Ng4+ 16. fxg4 Qf6+ 17. Ke1 Bxh1 18. Bf4 Bd6 19. Nxd6+ Rxd6 20. Qxc5+ Rc6 21. Qxa7 Rd8 22. g5 Qe7 23. Kf2 Bd5 24. Bg4+ Be6 25. Qb8+ Kd7 26. Qxb7+ 1-0

[Event "UZB-ch"]
[Site "Tashkent"]
[Date "2015.05.07"]
[Round "3"]
[White "Kholmirzaev, Bakhodir"]
[Black "Sattarov, Bobir"]
[Result "1-0"]
[WhiteElo "2376"]
[BlackElo "2370"]
[PlyCount "95"]
[EventDate "2015.05.05"]
[EventType "tourn"]
[EventRounds "13"]
[EventCountry "UZB"]
[EventCategory "5"]
[SourceTitle "CBM 166 Extra"]
[Source "ChessBase"]
[SourceDate "2015.06.18"]
[SourceVersion "1"]
[SourceVersionDate "2015.06.18"]
[SourceQuality "1"]

1. d4 e6 2. Nf3 c5 3. e4 cxd4 4. Nxd4 Nf6 5. Bd3 Nc6 6. Nxc6 dxc6 7. 0-0 e5 8. Nd2 Bc5 9. h3 Be6 10. Qf3 Qc7 11. Bc4 0-0 12. Bxe6 fxe6 13. Qe2 Qf7 14. Nb3 Bb6 15. c4 Qg6 16. c5 Bc7 17. Nd2 Rf7 18. a4 Rd7 19. b4 Rad8 20. b5 Ba5 21. Nc4 Bc3 22. Bb2 Bxb2 23. Qxb2 Qxe4 24. Nd6 Qd4 25. Qc2 Nd5 26. Rfd1 Qf4 27. Ra3 Qb4 28. Rg3 Nf6 29. Rb1 Qd4 30. Rd3 Qh4 31. Rbd1 Nd5 32. Rg3 Rf8 33. Rg4 Qh5 34. Re1 Rf4 35. Qe2 Rxg4 36. hxg4 Qg5 37. Qxe5 Qxg4 38. Qxe6+ Qxe6 39. Rxe6 Nf6 40. b6 a6 41. a5 Kf8 42. Nxb7 Rxb7 43. Rxc6 Ke7 44. Rxf6 gxf6 45. c6 Rxb6 46. axb6 Kd6 47. b7 Kc7 48. Kf1 1-0

[Event "UZB-ch"]
[Site "Tashkent"]
[Date "2015.05.05"]
[Round "1"]
[White "Kholmirzaev, Bakhodir"]
[Black "Khoroshev, Nikita"]
[Result "1/2-1/2"]
[WhiteElo "2376"]
[BlackElo "2314"]
[PlyCount "112"]
[EventDate "2015.05.05"]
[EventType "tourn"]
[EventRounds "13"]
[EventCountry "UZB"]
[EventCategory "5"]
[SourceTitle "CBM 166 Extra"]
[Source "ChessBase"]
[SourceDate "2015.06.18"]
[SourceVersion "1"]
[SourceVersionDate "2015.06.18"]
[SourceQuality "1"]

1. d4 d5 2. Bf4 Nf6 3. e3 c6 4. Bd3 Bg4 5. f3 Bh5 6. Ne2 Bg6 7. Bg3 Bxd3 8. Qxd3 Nbd7 9. Nd2 Qa5 10. 0-0 Rd8 11. Nb3 Qb6 12. a4 a6 13. a5 Qb5 14. Nc3 Qxd3 15. cxd3 Nh5 16. Bh4 Rg8 17. g4 g5 18. Bf2 Ng7 19. Bg3 e6 20. Na4 Bb4 21. Kg2 f5 22. h3 Ke7 23. Nac5 Bxc5 24. Nxc5 Nxc5 25. dxc5 Ne8 26. d4 Nf6 27. Be5 h5 28. Ra3 Rd7 29. Rb3 Kf7 30. Rb6 hxg4 31. hxg4 Kg6 32. gxf5+ exf5 33. Rh1 Rf7 34. Bxf6 Kxf6 35. b4 Rc7 36. Rh6+ Rg6 37. Rh8 Rgg7 38. Ra8 Rge7 39. Kf2 Kf7 40. Rh8 Kg7 41. Rh5 Kg6 42. Rh8 Kg7 43. Rd8 Re6 44. Rb8 Ree7 45. Ra8 f4 46. exf4 gxf4 47. b5 axb5 48. a6 bxa6 49. Raxa6 Re6 50. Rxb5 Rce7 51. Rb1 Kf6 52. Ra2 Rh7 53. Rg1 Rh2+ 54. Rg2 Rxg2+ 55. Kxg2 Kf5 56. Kf2 Re3 1/2-1/2

[Event "Tashkent IM 02"]
[Site "Tashkent"]
[Date "2015.03.02"]
[Round "7"]
[White "Kholmirzaev, Bakhodir"]
[Black "Abdusattorov, Nodirbek"]
[Result "1/2-1/2"]
[WhiteElo "2322"]
[BlackElo "2193"]
[PlyCount "102"]
[EventDate "2015.02.27"]
[EventType "tourn"]
[EventRounds "9"]
[EventCountry "UZB"]
[EventCategory "2"]
[SourceTitle "CBM 165 Extra"]
[Source "ChessBase"]
[SourceDate "2015.04.21"]
[SourceVersion "1"]
[SourceVersionDate "2015.04.21"]
[SourceQuality "1"]

1. Nf3 Nf6 2. c4 g6 3. Nc3 d5 4. cxd5 Nxd5 5. Qa4+ c6 6. Qd4 Nf6 7. Qxd8+ Kxd8 8. e4 Bg7 9. d4 e6 10. Ng5 Ke7 11. e5 Nd5 12. Nge4 h6 13. Bd2 b6 14. f4 a5 15. Rc1 Rd8 16. Nd6 Rxd6 17. exd6+ Kxd6 18. Nxd5 exd5 19. Be3 Bf5 20. Be2 h5 21. h3 h4 22. Kf2 Nd7 23. Rc3 Nf6 24. Bf3 Ne4+ 25. Bxe4 Bxe4 26. Rhc1 Rc8 27. a3 b5 28. b3 Bf6 29. Rc5 Kd7 30. a4 Be7 31. axb5 Bxc5 32. bxc6+ Kxc6 33. Rxc5+ Kb7 34. Rxc8 Kxc8 35. Bd2 Bc2 36. Bxa5 Bxb3 37. Be1 Kd7 38. Ke3 Bc2 39. Bxh4 Be4 40. Kf2 Ke6 41. g4 f5 42. Kg3 fxg4 43. hxg4 Bc2 44. Bd8 Kf7 45. Kh4 Bb1 46. Kg5 Bc2 47. Bc7 Bd3 48. Be5 Bc2 49. Kh6 Bd1 50. f5 Bxg4 51. fxg6+ Kg8 1/2-1/2

[Event "Tashkent IM 02"]
[Site "Tashkent"]
[Date "2015.03.01"]
[Round "6"]
[White "Vul, Arkadi Eremeevich"]
[Black "Kholmirzaev, Bakhodir"]
[Result "1/2-1/2"]
[WhiteElo "2270"]
[BlackElo "2322"]
[PlyCount "45"]
[EventDate "2015.02.27"]
[EventType "tourn"]
[EventRounds "9"]
[EventCountry "UZB"]
[EventCategory "2"]
[SourceTitle "CBM 165 Extra"]
[Source "ChessBase"]
[SourceDate "2015.04.21"]
[SourceVersion "1"]
[SourceVersionDate "2015.04.21"]
[SourceQuality "1"]

1. Nf3 d6 2. d4 Bg4 3. Nbd2 Nf6 4. g3 Nc6 5. Bg2 e5 6. dxe5 dxe5 7. e4 Nd4 8. 0-0 Nxf3+ 9. Bxf3 Bh3 10. Bg2 Bg4 11. Nf3 Qxd1 12. Rxd1 Bc5 13. Re1 Bxf3 14. Bxf3 0-0-0 15. Bg5 Rd6 16. Rad1 Rb6 17. Bxf6 Rxf6 18. Rd3 Rd6 19. Red1 Rhd8 20. Bg4+ Kb8 21. Rxd6 Rxd6 22. Rxd6 Bxd6 23. Kf1 1/2-1/2

[Event "UZB-ch"]
[Site "Tashkent"]
[Date "2014.03.28"]
[Round "5"]
[White "Kholmirzaev, Bakhodir"]
[Black "Faizulaev, Akmal"]
[Result "0-1"]
[WhiteElo "2329"]
[BlackElo "2322"]
[PlyCount "118"]
[EventDate "2014.03.24"]
[EventType "tourn"]
[EventRounds "9"]
[EventCountry "UZB"]
[EventCategory "4"]
[SourceTitle "CBM 159 Extra"]
[Source "ChessBase"]
[SourceDate "2014.04.24"]
[SourceVersion "1"]
[SourceVersionDate "2014.04.24"]
[SourceQuality "1"]

1. d4 Nf6 2. Nc3 c5 3. Bg5 cxd4 4. Bxf6 gxf6 5. Qxd4 Nc6 6. Qd2 Bg7 7. e4 d6 8. Bd3 h5 9. Nd5 e6 10. Ne3 f5 11. exf5 Bxb2 12. Rb1 Bg7 13. fxe6 fxe6 14. Bg6+ Ke7 15. Ne2 Rh6 16. Bd3 Kf7 17. 0-0 Kg8 18. f4 Qa5 19. c3 d5 20. Rb5 Qc7 21. f5 a6 22. Rbb1 Ne5 23. fxe6 Bxe6 24. Bf5 Bf7 25. Nd4 Rd8 26. Nec2 Re8 27. Bh3 Nc4 28. Qd3 Nd6 29. Rbd1 Qc4 30. Ne3 Qxd3 31. Rxd3 Rf6 32. Ndf5 Nxf5 33. Bxf5 Re5 34. Rf3 Kf8 35. h3 h4 36. Kf2 Rb6 37. a4 Ke8 38. Bd7+ Ke7 39. Bg4 Be6 40. Bxe6 Kxe6 41. Rf4 Bh6 42. Rg4 Rb2+ 43. Kf3 Bg5 44. Nxd5 Rf5+ 45. Nf4+ Bxf4 46. Rxf4 Rxf4+ 47. Kxf4 Rxg2 48. a5 Ra2 49. Kg4 Rxa5 50. Kxh4 Rc5 51. Kg4 a5 52. h4 a4 53. h5 b5 54. h6 Kf7 55. h7 Kg7 56. Rd7+ Kh8 57. Rb7 a3 58. Kf4 a2 59. Ra7 Rc4+ 0-1

[Event "UZB-ch"]
[Site "Tashkent"]
[Date "2014.03.24"]
[Round "1"]
[White "Karimov, Ibragim"]
[Black "Kholmirzaev, Bakhodir"]
[Result "1-0"]
[WhiteElo "2292"]
[BlackElo "2329"]
[PlyCount "91"]
[EventDate "2014.03.24"]
[EventType "tourn"]
[EventRounds "9"]
[EventCountry "UZB"]
[EventCategory "4"]
[SourceTitle "CBM 159 Extra"]
[Source "ChessBase"]
[SourceDate "2014.04.24"]
[SourceVersion "1"]
[SourceVersionDate "2014.04.24"]
[SourceQuality "1"]

1. d4 d5 2. Nf3 Nc6 3. g3 Bg4 4. Bg2 Bxf3 5. Bxf3 Nf6 6. c4 e6 7. 0-0 Be7 8. Nc3 0-0 9. cxd5 Nxd5 10. e3 Na5 11. Qa4 c6 12. Bd2 Nb4 13. Ne4 b5 14. Qd1 Nd5 15. Rc1 Nc4 16. b3 Nxd2 17. Qxd2 Bb4 18. Qb2 Rc8 19. a3 Be7 20. Nc5 a5 21. Qd2 Re8 22. Rc2 Qb6 23. Rfc1 Red8 24. Bxd5 Rxd5 25. Qe2 e5 26. Qg4 Rc7 27. b4 exd4 28. exd4 g6 29. Re1 axb4 30. axb4 Qa7 31. Rce2 Kg7 32. h4 Bf6 33. Re4 Qa3 34. Kg2 Qc3 35. R1e3 Qc4 36. Rf3 Ra7 37. Qc8 Rd8 38. Qxc6 Bxd4 39. Re1 Rad7 40. Qe4 Bxc5 41. Qe5+ Kg8 42. bxc5 b4 43. h5 Rd5 44. Qf6 R5d7 45. h6 Qd4 46. Re5 1-0